Cruzada estudiantil y profesional para Cristo

保存先:
書誌詳細
団体著者: Compartimiento de Vida Abundante
フォーマット: 図書
言語:スペイン語
出版事項: Literatura Evangélica. 1971.
主題:
タグ: タグ追加
タグなし, このレコードへの初めてのタグを付けませんか!

MARC

LEADER 00000nam a22000005a 4500
001 9652
003 CL-ChBUA
005 20120815103209.0
008 070301s1971 xxu 000 0 spa
040 |a CL-ChBUA  |c CL-ChBUA 
082 0 0 |a 269.2 
090 |c 9652  |d 9652 
110 2 |a Compartimiento de Vida Abundante. 
245 1 0 |a Cruzada estudiantil y profesional para Cristo 
260 |b Literatura Evangélica.  |c 1971. 
300 |c 22 cm. 
650 4 |a EVANGELISMO. 
942 |c LIB 
952 |0 0  |1 0  |4 0  |7 0  |9 14199  |a UNACH  |b UNACH  |c 200  |d 2007-03-05  |i 16.378.  |l 0  |o 269.2 / C 957.  |p 15198  |r 2019-07-12 00:00:00  |u 14199  |w 2012-08-08  |y LIB  |k 269.2 / C 957. 
999 |c 9652  |d 9652